03685cam a2200421 i 450000100090000000300040000900500170001300800410003001000170007101500190008801600180010702000310012502000280015603500240018404001080020804200080031605000220032408200170034610000290036324500520039226400480044426400110049230000460050333600260054933700280057533800270060349000210063050000200065150510520067152012780172365000260300165000300302765000430305765000560310065000230315665500390317983000450321820114120OSt20231206144323.0171101t20182018ctua 001 0 eng c a 2017959448 aGBB8274072bnb7 a0187303602Uk a9780300224641q(hardcover) a0300224648q(hardcover) a(OCoLC)on1002643455 aYDXbengcYDXerdadHQDdPX0dVMIdFM0dJQWdGO3dHTMdOCLCFdSMIdVP@dUKMGBdCHVBKdOCLCOdOCLCAdDLC apcc00aCC100b.F345 2018 a930.1bFAG/L1 aFagan, Brian M.eauthor.12aA little history of archaeology /cBrian Fagan. 1aNew Haven :bYale University Press,c[2018] 4c©2018 aviii, 277 pages :billustrations ;c23 cm atextbtxt2rdacontent aunmediatedbn2rdamedia avolumebnc2rdacarrier1 aLittle histories aIncludes index.0 aThe "backward-looking curiosity" -- Donkeys and pharaohs -- Reading ancient Egypt -- Digging into Nineveh -- Tablets and tunnelling -- The Maya revealed -- Axes and elephants -- A huge turning point -- The three ages -- Stone Age hunters in an icy world -- Across the ages -- The myth of the mound builders -- "Stepping into the unknown" -- Toros! Toros! -- Searching for Homer's heroes -- "Organised common sense" -- The small and unspectacular -- The palace of the minotaur -- Not "men's work" -- Mud bricks and a flood -- "Wonderful things" -- A palace fit for a chief -- East and west -- Shell heaps, pueblos and tree rings -- A fire-breathing giant -- Around the river bend -- Dating the ages -- Ecology and world prehistory -- "Dear boy!" -- The first farmers -- Defending the Emperor -- Underwater archaeology -- Meeting the colonists -- The Ice Man and others -- Warrior-priests of the Moche -- Tunnelling for the cosmos -- C̦atalhöyük -- Looking in the landscape -- Shining a light on the invisible -- Archaeology today and tomorrow. a"The thrilling history of archaeological adventure, with tales of danger, debate, audacious explorers, and astonishing discoveries around the globe. What is archaeology? The word may bring to mind images of golden pharaohs and lost civilizations, or Neanderthal skulls and Ice Age cave art. Archaeology is all of these, but also far more: the only science to encompass the entire span of human history--more than three million years! This Little History tells the riveting stories of some of the great archaeologists and their amazing discoveries around the globe: ancient Egyptian tombs, Mayan ruins, the first colonial settlements at Jamestown, mysterious Stonehenge, the incredibly preserved Pompeii, and many, many more. In forty brief, exciting chapters, the book recounts archaeology's development from its eighteenth-century origins to its twenty-first-century technological advances, including remote sensing capabilities and satellite imagery techniques that have revolutionized the field. Shining light on the most intriguing events in the history of the field, this absolutely up-to-date book illuminates archaeology's controversies, discoveries, heroes and scoundrels, global sites, and newest methods for curious readers of every age."--provided by Amazon.com. 0aArchaeologyxHistory. 0aArchaeologyxMethodology. 7aArchaeology.2fast0(OCoLC)fst00812938 7aArchaeologyxMethodology.2fast0(OCoLC)fst00812969 7aArchäologie2gnd 7aHistory.2fast0(OCoLC)fst01411628 0aLittle histories (Yale University Press)